Logique et existence: Essai sur la logique de Hegel
Uloženo v:
| Hlavní autor: | |
|---|---|
| Médium: | Kniha |
| Jazyk: | francouzština |
| Vydáno: |
París
Universitaires de France
1961
|
| Vydání: | 2a. ed |
| Edice: | Epiméthée: Essais Philosophiques
|
| Témata: | |
| Tagy: |
Přidat tag
Žádné tagy, Buďte první, kdo vytvoří štítek k tomuto záznamu!
|
MARC
| LEADER | 00000nam a2200000 a 4500 | ||
|---|---|---|---|
| 001 | UCZ4659 | ||
| 003 | CL-VaPUC | ||
| 005 | 20230421074439.0 | ||
| 008 | 951110e19610000FR |||||||||||||||||fre|d | ||
| 999 | |c 241027 |d 241025 | ||
| 040 | |c Pontificia Universidad Católica de Valparaíso | ||
| 082 | 0 | 4 | |a 142.7 |b HYP |2 21 |
| 100 | |a Hyppolite, Jean |e author |9 348706 | ||
| 245 | 1 | 0 | |a Logique et existence: Essai sur la logique de Hegel |
| 250 | |a 2a. ed | ||
| 260 | |a París |b Universitaires de France |c 1961 | ||
| 300 | |a 247 p | ||
| 490 | 0 | |a Epiméthée: Essais Philosophiques | |
| 583 | |a last modification |c 19951110 00:00:00 |k Rodrigo Vera | ||
| 600 | 0 | |a Hegel, Georg Wilhelm Friedrich |d 1770-1831 |9 860268 | |
| 650 | 0 | |a Existencialismo |9 265698 | |
| 650 | 0 | |a Lógica |9 256849 | |
| 650 | 0 | |a Filosofía del espíritu |9 320175 | |
| 650 | 7 | |a HEGELIANISMO |2 CL-VaPUC |9 335839 | |
| 942 | |c BK |2 ddc | ||
| 945 | |d 19951110 00:00:00 |a cmena | ||
| 952 | |0 0 |1 0 |4 0 |6 142_700000000000000_HYP_1961 |7 0 |8 P |9 253168 |a BIBEDU |b BIBEDU |c BIBEDU_PB |d 2019-11-19 |i 1596969 |o 142.7 HYP 1961 |p 1596969 |r 2024-01-25 |w 2019-11-19 |y BK |k FIL | ||
| 952 | |0 0 |1 0 |4 0 |6 142_700000000000000_HYP_1961 |7 0 |8 P |9 253169 |a BIBEDU |b BIBEDU |c BIBEDU_PB |d 2019-11-19 |i 1596977 |o 142.7 HYP 1961 |p 1596977 |r 2024-01-25 |w 2019-11-19 |y BK |k FIL | ||
| 952 | |0 0 |1 0 |4 0 |6 142_700000000000000_HYP_1961 |7 0 |8 DER_TF |9 253170 |a BIBDER |b BIBDER |d 2019-11-19 |i 1880802 |o 142.7 HYP 1961 |p 1880802 |r 2023-01-25 |w 2019-11-19 |x Ubicación 4to Piso |y BK |z Estos recursos deben solicitarse con anticipación |k DER | ||